01708cam a22004694i 4500003000900000005001700009008004100026035001900067035001900086040003300105082002200138100004500160245013100205264009200336300002800428336002100456337002500477338002300502500012800525505012200653526001000775526001000785526000900795526000900804526000900813526000900822526000900831526000900840526000900849526000800858526000800866526000800874526000800882526000800890600004000898600004400938600007800982650002101060651005801081651005101139651004801190PE-LiUPU20250731165552.0150625s r 000 0 d a(Sirsi) a34570 a(Sirsi) a34570 aPE-LiUPUbspacPE-LiUPUerda04a985.04bL521h2211 aLeguía y Martínez, Germán,eautor.10aHistoria de la emancipación del Perú :bEl protectoradon5 /cGermán Leguía y Martínez ; prólogo de Alberto Tauro. 1aLima :bComisión Nacional del Sesquicentenario de la Independencia del Perú,c1972. a732 páginas ;c24 cm. atext2rdacontent aunmediated2rdamedia avolume2rdacarrier aPublicaciones de la Comisión Nacional del Sesquicentenario de la Independencia del Perú. Año de los censos nacionales aSegunda época. Intervención argentino-chilena -- Operaciones militares -- Asuntos exterior. Diplomacia naciente. aSEG44 aSEG26 aP151 aP150 aP149 aP146 aP145 aP126 aP125 aP92 aP75 aP74 aP27 aP151 aSan Martín, José de.d1778-18501 aReyes y Buitrón, Andrés.d1780-18561 aTorre Tagle, José Bernardo Tagle y PortocarreroMarqués de.d1779-182504aPanamericanismo. aPerúxHistoriayExpedición Libertadora, 1808-1824 aArgentinaxHistoriayEmancipación, 1810-1817 aChilexHistoriayEmancipación, 1810-1830.